00601nam a2200229 a 4500001001300000003000900013005001700022008004100039020000800080082001300088100002000101245002800121260002300149300000900172500003500181505001000216700002000226902000800246942000700254952009500261999001500356nice12345678IN_TiNIC20260116011844.0050524s1950 lona grp 000 0 eng  ac000a201bCAR aCarmichael, Amy aPonnammalb Her History aLondonbSpckc1950 a113p aincludes index and biblioraphy2 aIndex1 aCarmichael, Amy bSRS cBK 00104070aHMIbHMId2005-05-24g0.00l0o201 CARp11005493r2026-01-16w2026-01-16yARB c4473d4473